000
00314nam a2200133Ia 4500
008
191201s2006 xx 000 0 und d
082
_a
346.065
_b
AGM
100
_a
AGGARWAL, S K
245
0
_a
Modern Business Law
260
_a
N.Delhi
_b
Galgotia Pub. Pvt
_c
2006
300
_a
541
650
_a
MBA
942
_2
ddc
_c
BK
999
_c
3015
_d
3015